Mathematics + art : a cultural history

Αποθηκεύτηκε σε:
Λεπτομέρειες βιβλιογραφικής εγγραφής
Κύριος συγγραφέας: Gamwell, Lynn 1943-
Άλλοι συγγραφείς: Tyson, Neil deGrasse (Συγγραφέας εισαγωγής κ.λπ.)
Μορφή: Βιβλίο
Γλώσσα:English
Δημοσίευση: Princeton, N.J. : Princeton University Pree, c2016.
Θέματα:
Ετικέτες: Προσθήκη ετικέτας
Δεν υπάρχουν, Καταχωρήστε ετικέτα πρώτοι!

MARC

LEADER 00000nam a2200000 a 4500
001 1/110055
008 160224t2016####nju| ||| |||| ||eng||
020 |a 9780691165288  
040 |a GR-MyUa  |b gre  |c GR-MyUa  |e AACR2  
041 0 |a eng 
082 7 |a 700.105   |2 (23)  
100 1 |a Gamwell, Lynn  |d 1943- 
245 1 0 |a Mathematics + art :   |b a cultural history /   |c Lynn Gamwell ; foreword by Neil deGrasse Tyson.  
246 1 |a Mathematics and art 
260 |a Princeton, N.J. :   |b Princeton University Pree,   |c c2016.  
300 |a xviii, 556 σ. :   |b εικ. ;   |c 32 εκ.  
504 |a Περιέχει ευρετήριο.  
650 0 |a Mathematics in art  |x History. 
650 0 |a Mathematics  |x Art  |x Pictorial works. 
650 0 |a Art  |x Mathematics  |x Pictorial works. 
700 1 |a Tyson, Neil deGrasse,  |e aui 
852 |a INST  |b SAMOS  |e 20160224  |h 700.105 GAM  |p 005300043352  |q 005300043352  |t BK  |y 0 
922 |a 3ΕΛΗ  |b 201601  |c Τμήμα Μαθηματικών/Μεταπτυχιακό  |d Διαδρομές 
970 |a Κοσιέρης  |b Χρήστος  |z 24-02-2016